[Event "Lienz Open 2007"]
[Site "?"]
[Date "2007.02.15"]
[Round "7"]
[White "Sauper, Dorian"]
[Black "Grundner, Alois"]
[Result "1/2-1/2"]
[WhiteElo "1572"]
[BlackElo "1931"]
[Annotator ",Lois"]
[PlyCount "63"]
[TimeControl "300"]

{37MB, TreeB33.ctg, LOIS-LXIC8KMRWW} 1. e4 {letzter Buchzug} d5 2. exd5 Nf6 3.
Bc4 Nxd5 4. Nc3 c6 5. d4 g6 6. Nf3 Bg7 7. Nxd5 cxd5 8. Bb5+ Nc6 9. O-O O-O 10.
Be3 Bg4 11. c3 Qb6 12. Bxc6 bxc6 13. b4 Qc7 14. h3 Bxf3 15. Qxf3 f6 16. Qe2 e5
17. dxe5 fxe5 18. Bc5 Rfe8 19. Qd2 Rad8 20. Rad1 Bf8 21. Be3 a5 22. a3 Bd6 23.
f3 Rf8 24. Qf2 Rb8 25. Bc5 Rf5 26. Bxd6 Qxd6 27. Rfe1 axb4 28. axb4 Qf6 29. Qe3
Qd6 30. Rd2 Rd8 31. Red1 Ra8 32. Qb6 1/2-1/2

[Event "Lienz Open 2007"]
[Site "?"]
[Date "2007.02.17"]
[Round "9"]
[White "Bodner, Alfred"]
[Black "Grundner, Alois"]
[Result "0-1"]
[WhiteElo "2030"]
[BlackElo "1931"]
[Annotator ",Lois"]
[PlyCount "72"]
[TimeControl "300"]

{37MB, TreeB33.ctg, LOIS-LXIC8KMRWW} 1. Nf3 {letzter Buchzug} d5 {[%eval 3,10]}
2. d4 {[%eval 0,10]} Nf6 {[%eval 3,10]} 3. g3 {[%eval -6,10]} e6 {[%eval -25,
10]} 4. Bg2 {[%eval -6,10]} c5 {[%eval -6,10]} 5. dxc5 {[%eval 6,10]} Bxc5 {
[%eval -22,10]} 6. O-O {[%eval -6,10]} O-O {[%eval 0,10]} 7. Nbd2 {[%eval -22,
10]} Nc6 {[%eval 0,10]} 8. Nb3 {[%eval -31,10]} Bb6 {[%eval -22,10]} 9. c3 {
[%eval -28,10]} e5 {[%eval -28,10]} 10. Qc2 {[%eval -53,10]} Qe7 {[%eval -47,
10]} 11. e3 {[%eval -75,10]} h6 {[%eval -62,10]} 12. h3 {[%eval -59,10]} Be6 {
[%eval -69,10]} 13. Bd2 {[%eval -88,10]} Rac8 {[%eval -91,10]} 14. Qd1 {[%eval
-91,10]} Rfd8 {[%eval -94,10]} 15. Qe2 {[%eval -94,10]} Ne4 {[%eval -91,10]}
16. Be1 {[%eval -91,10]} f5 {[%eval -97,10]} 17. Nh2 {[%eval -141,10]} ({Fritz
8:} 17. Rd1 Qf6 18. Bd2 Qg6 19. Kh2 Rf8 20. Qd3 {[%eval -97,10]}) 17... Qg5 {
[%eval -103,10]} 18. h4 {[%eval -141,10]} ({Fritz 8:} 18. Rd1 Qg6 19. Nf3 Rf8
20. Nh4 Qf6 21. Nf3 Rcd8 22. Qd3 Qg6 23. Kh2 {[%eval -103,10]}) 18... Qg6 {
[%eval -141,10]} 19. Bf3 {[%eval -191,10]} ({Fritz 8:} 19. Rd1 Rd7 20. Nd2 Rcc7
21. Nb3 Ne7 22. h5 Qg5 23. Qf3 Rc4 {[%eval -141,10]}) 19... Nf6 {[%eval -147,
10]} 20. Kh1 {[%eval -172,10]} h5 {[%eval -116,10]} ({Fritz 8:} 20... Qf7 21.
Rg1 d4 22. cxd4 exd4 23. Nxd4 Nxd4 24. exd4 Bxd4 25. Bb4 Bxa2 {[%eval -172,10]}
) 21. Bg2 {[%eval -109,10]} Ne4 {[%eval -116,10]} 22. Nd2 {[%eval -134,10]} Qf7
{[%eval -119,10]} 23. Nhf3 {[%eval -125,10]} g6 {[%eval -66,10]} ({Fritz 8:} 
23... d4 24. exd4 exd4 25. Ng5 Nxg5 26. hxg5 dxc3 27. bxc3 Bd5 28. c4 Re8 29.
Qd3 Bxg2+ 30. Kxg2 {[%eval -125,10]}) 24. b3 {[%eval -409,10]} ({Fritz 8:} 24.
Nxe4 dxe4 25. Ng5 Qe7 26. Nxe6 Qxe6 27. f3 exf3 28. Qxf3 e4 29. Qf4 Ne5 30. Qh6
{[%eval -66,10]}) 24... Nxc3 {[%eval -441,10]} 25. Ng5 {[%eval -556,10]} Nxe2 {
[%eval -587,10]} 26. Nxf7 {[%eval -556,10]} Kxf7 {[%eval -587,10]} 27. Nf3 {
[%eval -556,10]} d4 {[%eval -537,10]} 28. Ng5+ {[%eval -528,10]} Kf6 {[%eval
-559,10]} 29. e4 {[%eval -528,10]} Ne7 {[%eval -497,10]} 30. f4 {[%eval -584,
10]} exf4 {[%eval -541,10]} 31. gxf4 {[%eval -509,10]} fxe4 {[%eval -509,10]}
32. Nxe4+ {[%eval -578,10]} Kg7 {[%eval -603,10]} 33. Ng5 {[%eval -572,10]} Bd5
{[%eval -597,10]} 34. Bxd5 {[%eval -566,10]} Rxd5 {[%eval -597,10]} 35. Rf2 {
[%eval -691,10]} d3 {[%eval -722,10]} 36. Ne6+ {[%eval -928,10]} Kf6 {[%eval
-959,10]} 0-1

[Event "Lienz Open 2007"]
[Site "?"]
[Date "2007.02.13"]
[Round "5"]
[White "Henrichsen, Jens"]
[Black "Grundner, Alois"]
[Result "1-0"]
[WhiteElo "2052"]
[BlackElo "1931"]
[Annotator ",Lois"]
[PlyCount "51"]
[TimeControl "300"]

{96MB, TreeB33.ctg, LOIS-LXIC8KMRWW} 1. d4 Nf6 {letzter Buchzug} 2. c4 {[%eval
12,10]} e6 {[%eval 9,10]} 3. Nf3 {[%eval 12,10]} d5 {[%eval 9,10]} 4. g3 {
[%eval -25,10]} ({Fritz 8:} 4. Nc3 dxc4 5. e4 Bb4 6. Bg5 h6 7. Bxf6 Qxf6 8.
Bxc4 Qg6 {[%eval 9,10]}) 4... Be7 {[%eval -34,10]} 5. Bg2 {[%eval -16,10]} b6 {
[%eval 31,10]} ({Fritz 8:} 5... dxc4 6. Nbd2 Qd5 7. O-O O-O 8. Qc2 Nc6 9. Qxc4
{[%eval -16,10]}) 6. O-O {[%eval 41,10]} Bb7 {[%eval 22,10]} 7. Nc3 {[%eval 28,
10]} O-O {[%eval 31,10]} 8. cxd5 {[%eval 22,10]} exd5 {[%eval 34,10]} 9. Ne5 {
[%eval 28,10]} Nbd7 {[%eval 25,10]} 10. Qa4 {[%eval 56,10]} Nxe5 {[%eval 25,10]
} 11. dxe5 {[%eval 56,10]} Ne8 {[%eval 100,10]} ({Fritz 8:} 11... Ne4 12. Nxe4
dxe4 13. Bxe4 Bxe4 14. Qxe4 Qd7 15. Bf4 Qe6 16. Rfc1 c5 17. Qf3 {[%eval 56,10]}
) 12. Rd1 {[%eval 87,10]} c6 {[%eval 56,10]} 13. e4 {[%eval 87,10]} Nc7 {
[%eval 66,10]} 14. exd5 {[%eval 69,10]} cxd5 {[%eval 75,10]} 15. Qb3 {[%eval
69,10]} Bc5 {[%eval 75,10]} 16. Nxd5 {[%eval 94,10]} Nxd5 {[%eval 63,10]} 17.
Bxd5 {[%eval 94,10]} Qe7 {[%eval 81,10]} 18. Bxb7 {[%eval 97,10]} Qxb7 {[%eval
69,10]} 19. Be3 {[%eval 78,10]} Qf3 {[%eval 122,10]} ({Fritz 8:} 19... Rac8 20.
Bxc5 Rxc5 21. f4 Rfc8 22. Rd6 R5c6 23. Rad1 Rxd6 {[%eval 78,10]}) 20. Bxc5 {
[%eval 153,10]} Qxb3 {[%eval 122,10]} 21. axb3 {[%eval 153,10]} bxc5 {[%eval
138,10]} 22. Rd7 {[%eval 128,10]} Rab8 {[%eval 166,10]} 23. Raxa7 {[%eval 187,
10]} Rxb3 {[%eval 156,10]} 24. e6 {[%eval 187,10]} Rxb2 {[%eval 534,10]} ({
Fritz 8:} 24... Rbb8 25. Rac7 g6 26. e7 Rfe8 {[%eval 187,10]}) 25. e7 {[%eval
562,10]} Re8 {[%eval 2103,10]} ({Fritz 8:} 25... Rbb8 26. exf8=Q+ Rxf8 {[%eval
562,10]}) 26. Ra8 {[%eval 2556,10]} 1-0

[Event "Lienz Open 2007"]
[Site "?"]
[Date "2007.02.12"]
[Round "4"]
[White "Grundner, Alois"]
[Black "Munz, Erich"]
[Result "1-0"]
[WhiteElo "1931"]
[BlackElo "1558"]
[Annotator ",Lois"]
[PlyCount "53"]
[TimeControl "300"]

{37MB, TreeB33.ctg, LOIS-LXIC8KMRWW} 1. d4 {letzter Buchzug} g6 {[%eval 63,10]}
2. c4 {[%eval 44,10]} Bg7 {[%eval 34,10]} 3. Nc3 {[%eval 31,10]} Nc6 {[%eval
28,10]} 4. Nf3 {[%eval 41,10]} f5 {[%eval 53,10]} 5. g3 {[%eval 53,10]} Nf6 {
[%eval 41,10]} 6. Bg2 {[%eval 41,10]} O-O {[%eval 47,10]} 7. O-O {[%eval 41,10]
} e6 {[%eval 72,10]} 8. Bg5 {[%eval 12,10]} ({Fritz 8:} 8. d5 Ne7 9. d6 cxd6
10. Qxd6 Nc6 11. Bf4 Ne4 12. Nxe4 fxe4 {[%eval 72,10]}) 8... Ne7 {[%eval 59,10]
} ({Fritz 8:} 8... h6 9. Be3 d6 10. h3 a6 11. d5 Ne7 12. Nd4 {[%eval 12,10]})
9. Qd2 {[%eval 31,10]} d5 {[%eval 63,10]} 10. Ne5 {[%eval 78,10]} c6 {[%eval
63,10]} 11. f3 {[%eval 25,10]} ({Fritz 8:} 11. b3 Ng4 12. f4 Nf6 13. Rad1 Qd6
14. Qe3 {[%eval 63,10]}) 11... Bd7 {[%eval 109,10]} ({Fritz 8:} 11... Nd7 12.
Nxd7 Qxd7 13. cxd5 Nxd5 14. Rad1 Rf7 15. Bh6 Bf6 {[%eval 25,10]}) 12. e4 {
[%eval 87,10]} Qa5 {[%eval 372,10]} ({Fritz 8:} 12... Bc8 13. exd5 exd5 14. c5
Nd7 15. Nxd7 Qxd7 16. Rae1 Re8 {[%eval 87,10]}) 13. Bxf6 {[%eval 372,10]} Rxf6
{[%eval 341,10]} 14. Nxd7 {[%eval 372,10]} Rf7 {[%eval 341,10]} 15. Nc5 {
[%eval 278,10]} b6 {[%eval 406,10]} ({Fritz 8:} 15... e5 16. exd5 exd4 17. N3e4
Qxd2 18. Nxd2 cxd5 {[%eval 278,10]}) 16. Nxe6 {[%eval 437,10]} dxc4 {[%eval
406,10]} 17. Nxg7 {[%eval 406,10]} Kxg7 {[%eval 381,10]} 18. d5 {[%eval 366,10]
} Qc5+ {[%eval 334,10]} 19. Kh1 {[%eval 366,10]} Rd8 {[%eval 344,10]} 20. Na4 {
[%eval 328,10]} Qb5 {[%eval 344,10]} 21. Qd4+ {[%eval 375,10]} Kg8 {[%eval 353,
10]} 22. Nc3 {[%eval 384,10]} Qb4 {[%eval 359,10]} 23. a3 {[%eval 391,10]} Qd6
{[%eval 497,10]} 24. e5 {[%eval 528,10]} Qb8 {[%eval 581,10]} 25. d6 {[%eval
612,10]} c5 {[%eval 734,10]} 26. Qxc4 {[%eval 766,10]} Nc6 {[%eval 800,10]} 27.
f4 {[%eval 762,10]} 1-0

[Event "Lienz Open 2007"]
[Site "?"]
[Date "2007.02.11"]
[Round "2"]
[White "Grundner, Alois"]
[Black "Vergeiner, Franz"]
[Result "0-1"]
[WhiteElo "1931"]
[BlackElo "2138"]
[Annotator ",Lois"]
[PlyCount "60"]
[TimeControl "300"]

{37MB, TreeB33.ctg, LOIS-LXIC8KMRWW} 1. d4 {[%emt 0:00:00]} Nf6 {letzter
Buchzug} 2. Nf3 {[%eval 0,10]} e6 {[%eval 16,10]} 3. c4 {[%eval 3,10]} c5 {
[%eval 22,10]} 4. d5 {[%eval 19,10]} b5 {[%eval 63,10]} ({Fritz 8:} 4... d6 5.
Nc3 Be7 6. Qa4+ Qd7 7. dxe6 fxe6 8. Qxd7+ Bxd7 9. Bf4 e5 10. Bg5 O-O {[%eval
19,10]}) 5. e3 {[%eval 9,10]} ({Fritz 8:} 5. dxe6 fxe6 6. cxb5 d5 7. Nc3 Nbd7
8. e4 d4 9. Na4 Nxe4 10. Bd3 {[%eval 63,10]}) 5... Bb7 {[%eval 25,10]} 6. dxe6
{[%eval 56,10]} fxe6 {[%eval 25,10]} 7. cxb5 {[%eval 56,10]} Be7 {[%eval 38,10]
} 8. Be2 {[%eval 47,10]} O-O {[%eval 22,10]} 9. O-O {[%eval 47,10]} a6 {[%eval
19,10]} 10. Nc3 {[%eval 19,10]} d5 {[%eval 28,10]} 11. b3 {[%eval 41,10]} axb5
{[%eval 16,10]} 12. Nxb5 {[%eval 28,10]} Ne4 {[%eval -3,10]} 13. Bb2 {[%eval
28,10]} Nc6 {[%eval 34,10]} 14. a3 {[%eval 0,10]} ({Fritz 8:} 14. Nd2 Nxd2 15.
Qxd2 Ba6 16. Rfc1 Qb6 17. a4 Bh4 18. f4 {[%eval 34,10]}) 14... Bf6 {[%eval 22,
10]} 15. Qc2 {[%eval 0,10]} Qe7 {[%eval 44,10]} ({Fritz 8:} 15... Ba6 16. Nd2
Bxb2 17. Qxb2 Nxd2 18. Qxd2 Qb6 19. a4 Bxb5 {[%eval 0,10]}) 16. Bd3 {[%eval -3,
10]} ({Fritz 8:} 16. Bxf6 Qxf6 17. Nd2 Nxd2 18. Qxd2 Na5 19. Qc2 Ba6 20. b4
cxb4 {[%eval 44,10]}) 16... Bxb2 {[%eval -25,10]} 17. Qxb2 {[%eval 6,10]} Ng5 {
[%eval 134,10]} ({Fritz 8:} 17... Ba6 18. Rfc1 Rab8 19. Qe2 Qf6 20. a4 Ra8 {
[%eval 6,10]}) 18. Nxg5 {[%eval 166,10]} Qxg5 {[%eval 134,10]} 19. Nc7 {[%eval
87,10]} ({Fritz 8:} 19. f4 Qe7 20. Qc2 e5 21. Bxh7+ Kh8 22. Nc3 Na5 23. b4 Nc4
24. bxc5 {[%eval 134,10]}) 19... Ne5 {[%eval 56,10]} 20. Be2 {[%eval -16,10]} (
{Fritz 8:} 20. Qc2 Nf3+ 21. Kh1 {[%eval 56,10]}) 20... d4 {[%eval -47,10]} 21.
f3 {[%eval -81,10]} ({Fritz 8:} 21. e4 d3 22. Bd1 Bxe4 23. f3 {[%eval -47,10]})
21... Qxe3+ {[%eval -112,10]} 22. Rf2 {[%eval -156,10]} ({Fritz 8:} 22. Kh1 d3
23. Qc3 {[%eval -112,10]}) 22... Ng4 {[%eval -37,10]} ({Fritz 8:} 22... Rac8
23. Nxe6 Rf6 24. f4 Bd5 25. Ba6 Nd3 26. Bxd3 Qxd3 27. f5 {[%eval -156,10]}) 23.
Bc4 {[%eval -6,10]} Nxf2 {[%eval -37,10]} 24. Bxe6+ {[%eval -175,10]} ({Fritz
8:} 24. Qxf2 Rxa3 25. Rxa3 {[%eval -37,10]}) 24... Kh8 {[%eval -206,10]} 25.
Qxf2 {[%eval -175,10]} Rxa3 {[%eval -206,10]} 26. Rxa3 {[%eval -175,10]} Qc1+ {
[%eval -206,10]} 27. Qf1 {[%eval -175,10]} Qxa3 {[%eval -206,10]} 28. Qd3 {
[%eval -531,10]} ({Fritz 8:} 28. Bc4 Qb2 29. Ne6 Ra8 30. Qe2 Qb1+ 31. Qf1 Qf5
32. Qd3 Ra1+ 33. Kf2 Qe5 {[%eval -206,10]}) 28... Qa5 {[%eval -562,10]} 29. Nb5
{[%eval -891,10]} ({Fritz 8:} 29. Bc4 Qxc7 30. Qd2 Ra8 31. Qc1 Qd6 32. Bd3 {
[%eval -562,10]}) 29... Qe1+ {[%eval -922,10]} 30. Qf1 {[%eval -891,10]} Qxe6 {
[%eval -922,10]} 0-1

[Event "LLB"]
[Site "?"]
[Date "2006.11.18"]
[Round "?"]
[White "Kaisersberger, Christian"]
[Black "Grundner, Alois"]
[Result "1/2-1/2"]
[WhiteElo "1990"]
[BlackElo "1905"]
[Annotator ",Lois"]
[PlyCount "75"]
[TimeControl "300"]

{95MB, LOIS-LXIC8KMRWW} 1. e4 d5 2. exd5 Nf6 3. d4 Nxd5 4. c4 Nb6 5. Nf3 Bg4 6.
Be3 e6 7. Nbd2 Be7 8. Qb3 Bxf3 9. Nxf3 a5 10. a3 a4 11. Qc2 N8d7 12. Rd1 c6 13.
Be2 Nf6 14. O-O O-O 15. Bd3 h6 16. Ne5 Nbd7 17. Qd2 Qe8 ({1.19 Fritz 8:} 17...
Qc7 18. f4 (18. Bf4 {[%emt 0:00:00]} Bd6 {[%eval 19,9] [%emt 0:00:09]}) 18...
c5 19. Kh1 Rfd8 20. Qe1 {[%eval 50,11]}) 18. Bc2 ({0.50 Fritz 8:} 18. Bxh6 {
[%eval 119,10]} gxh6 {[%emt 0:00:00]} 19. Qxh6 {[%eval 153,9] [%emt 0:00:12]}
Rd8 {[%eval 269,8] [%emt 0:00:08]} 20. Rfe1 {[%eval 384,8] [%emt 0:00:06]} Bb4
{[%eval 32754,7] [%emt 0:00:02]} 21. Nxd7 {[%eval 32756,4] [%emt 0:00:00]} Qxd7
{[%eval 32758,4] [%emt 0:00:00]} 22. Qg5+ {[%eval 32758,3] [%emt 0:00:00]} Kh8
{[%eval 32760,3] [%emt 0:00:00]} 23. Qxf6+ {[%eval 32760,3] [%emt 0:00:00]} Kg8
{[%eval 32762,3] [%emt 0:00:00]} 24. Qg5+ {[%eval 32762,3] [%emt 0:00:00]} Kh8
{[%eval 32764,3] [%emt 0:00:00]} 25. Qh6+ {[%eval 32764,2] [%emt 0:00:00]} Kg8
{[%eval 32766,2] [%emt 0:00:00]} 26. Qh7# {[%eval 32766,2] [%emt 0:00:00]})
18... Nh7 19. Qd3 f5 20. f4 Nhf6 21. g4 ({-0.03 Fritz 8:} 21. Qe2 Kh8 22. Bf2
Nxe5 23. Qxe5 Qf7 24. Rde1 Ne4 25. Bxe4 Bf6 26. Qc5 {[%eval 84,11]}) 21... Nxe5
22. dxe5 Nxg4 23. Bb6 Ra6 24. c5 Rxb6 25. cxb6 Bc5+ 26. Kh1 Ne3 27. Rfe1 Nxd1
28. Rxd1 Bxb6 29. Bxa4 Qe7 30. Qd7 Re8 31. Rd3 Kf7 32. Kg2 Rd8 ({0.00 Fritz 8:
} 32... Qxd7 33. Rxd7+ Re7 34. Rd3 Ke8 35. h4 Rd7 36. Rxd7 Kxd7 37. h5 Bd4 38.
b4 Bb2 39. Bb3 {[%eval -88,13]}) 33. Qxe7+ Kxe7 34. Rb3 Rd4 35. Rxb6 Rxa4 36.
Rxb7+ Kf8 37. Rb8+ Kf7 38. Rb7+ 1/2-1/2

[Event "LLB"]
[Site "?"]
[Date "2006.11.04"]
[Round "3"]
[White "Grundner, Alois"]
[Black "Buchebner, Markus"]
[Result "1/2-1/2"]
[WhiteElo "1905"]
[BlackElo "2031"]
[Annotator ",Lois"]
[PlyCount "53"]
[TimeControl "300"]

{95MB, LOIS-LXIC8KMRWW} 1. d4 d5 2. c4 c6 3. Nc3 Nf6 4. Nf3 dxc4 5. a4 Bf5 6.
e3 e6 7. Bxc4 Bb4 8. O-O Nbd7 9. Qb3 a5 10. Ne2 Be4 11. Nd2 Bxd2 12. Bxd2 O-O
13. f3 Bd5 14. e4 Bxc4 15. Qxc4 Qb6 16. Be3 Qa6 17. Rac1 Qxc4 18. Rxc4 Nb6 19.
Rc2 Nfd7 20. b3 Nc8 21. Rfc1 Ne7 22. Bf4 Ng6 23. Bd6 Rfe8 24. f4 Nf6 25. Ng3 h5
26. e5 Nd5 27. Nxh5 1/2-1/2

[Event "LLB"]
[Site "?"]
[Date "2006.10.21"]
[Round "2"]
[White "Durakovic, Alman"]
[Black "Grundner, Alois"]
[Result "1/2-1/2"]
[WhiteElo "2118"]
[BlackElo "1905"]
[Annotator "Fritz 8 (25s)"]
[PlyCount "82"]

{D36: Damengambit (Abtauschvariante)} 1. d4 Nf6 2. c4 e6 3. Nf3 d5 4. Nc3 Be7
5. Bg5 Nbd7 6. cxd5 exd5 7. e3 c6 {Der Gegner darf nicht nach b5} 8. Qc2 h6 9.
Bh4 O-O 10. Bd3 Re8 11. O-O Ne4 12. Bxe4 (12. Nxe4 $2 {ist falsch} dxe4 13.
Bxe4 Bxh4 14. Bh7+ Kf8 15. Nxh4 Qxh4 $19) 12... Bxh4 13. Bh7+ Kh8 14. b4 (14.
Nxh4 Qxh4 15. Bd3 Nf6 $11) 14... Nf8 (14... g6 $5 {ist zu prüfen} 15. Bxg6 fxg6
16. Qxg6 Bf6 $15) 15. Bd3 Bf6 16. b5 Bg4 17. bxc6 bxc6 18. Nd2 Qd6 19. Nb3 Bd7
20. Nc5 Ne6 21. N3a4 Nxc5 22. Nxc5 Reb8 23. Rab1 Rb6 24. a4 Bd8 25. Nb7 Qc7 26.
Nc5 (26. Nxd8 Qxd8 27. Qc5 Qg5 $16) 26... Be8 (26... Qd6 $5 $11 {ist zu erwägen
}) 27. g3 (27. Qc3 Rxb1 28. Rxb1 Rb8 $16) 27... Be7 28. Qc3 Bd8 29. Rfe1 Rxb1
30. Bxb1 Qa5 31. Rc1 Qxc3 32. Rxc3 Rb8 33. Bf5 Be7 34. Na6 Rb7 35. Nc5 (35. Kg2
$5 $14 {sieht gut aus}) 35... Bxc5 36. Rxc5 {Der weiße Turm auf dem Vorposten
c5} Kg8 37. Bc8 Rb8 38. Bf5 (38. Bg4 g6 $14) 38... Kf8 (38... Rb7 $5 $11) 39.
Ra5 Rb7 40. Kf1 Bd7 41. Bxd7 Rxd7 1/2-1/2

[Event "LLB"]
[Site "?"]
[Date "2006.10.07"]
[Round "1"]
[White "Grundner, Alois"]
[Black "Berger, Kaspar"]
[Result "1-0"]
[WhiteElo "1905"]
[BlackElo "1990"]
[Annotator "Fritz 8 (30s)"]
[PlyCount "67"]

{D52: Damengambit (Cambridge-Springs-Variante)} 1. d4 d5 2. c4 e6 3. Nc3 Nf6 4.
Nf3 c6 5. Bg5 Nbd7 6. e3 Qa5 7. Bxf6 Nxf6 8. Qc2 Bb4 9. Nd2 dxc4 10. Nxc4 Qg5
11. Ne5 O-O (11... Qh4 12. a3 Be7 13. Bd3 $11) 12. Nf3 (12. h4 Qh5 $14 13. Be2
{[%emt 0:00:00]} Qf5 {[%eval 41,11] [%emt 0:00:11]} 14. Qxf5 {[%emt 0:00:00]}
exf5 {[%eval 28,9] [%emt 0:00:03]} 15. O-O {[%emt 0:00:01]}) 12... Qa5 13. Bc4
e5 (13... c5 $5 $11 {kommt in Betracht}) 14. Nxe5 Bf5 $4 (14... Bd6 $142 {geht
wohl noch} 15. f4 Nd5 16. Bxd5 cxd5 $16) 15. Qxf5 $18 Bxc3+ 16. bxc3 Qxc3+ 17.
Ke2 Qb2+ 18. Kf3 b5 (18... Qa3 {ändert den Lauf der Dinge nicht} 19. Rab1 b5
20. Bb3 $18) 19. Bd3 Rfe8 20. Rhb1 Qd2 21. Rc1 Re6 22. Rc2 ({Weniger gut ist} 
22. Rxc6 Rxc6 23. Nxc6 Qc3 24. Ne7+ Kf8 $18) 22... Qb4 23. Rxc6 (23. Rac1 $142
$18 {und Weiß gewinnt}) 23... Rxc6 24. Nxc6 Qc3 25. Ne7+ Kf8 26. Rb1 Kxe7 27.
Qxb5 Kd8 (27... Kf8 28. Qb4+ Qxb4 29. Rxb4 $18) 28. Qc4 (28. Qa6 $142 {gibt
noch größeren Vorteil} Qc8 29. Qd6+ Qd7 30. Qxd7+ Kxd7 31. Rb7+ Ke6 32. Bc4+
Kd6 33. e4 $18 (33. Bxf7 $143 Kc6 34. Re7 Kd6 35. Re6+ Kc7 $18)) 28... Qd2 (
28... Qxc4 {ist ein letzter Versuch} 29. Bxc4 Kc7 $18) 29. Qc6 (29. Qa6 Nd7 30.
Bf5 Qc3 $18) 29... Qxd3 30. Qxa8+ Ke7 31. Rb7+ Nd7 32. Qc8 Qf5+ 33. Ke2 Kf6 (
33... a6 $18 {hätte noch versucht werden können}) 34. Qxd7 (34. Qxd7 Qxd7 35.
Rxd7 $18) 1-0

[Event "LLB"]
[Site "?"]
[Date "2007.02.24"]
[Round "8"]
[White "Swanidze, Ilija"]
[Black "Grundner, Alois"]
[Result "0-1"]
[WhiteElo "1959"]
[BlackElo "1931"]
[Annotator ",Lois"]
[PlyCount "114"]
[TimeControl "300"]

{37MB, TreeB33.ctg, LOIS-LXIC8KMRWW} 1. c4 Nf6 2. Nc3 e6 3. g3 d5 4. cxd5 exd5
{[%eval -37,9]} 5. Bg2 {[%eval -44,10]} Be7 {[%eval -22,10]} 6. e3 {[%eval -47,
10]} O-O {[%eval -59,10]} 7. Nge2 {[%eval -41,10]} c6 {[%eval -59,10]} 8. O-O {
[%eval -34,10]} Nbd7 {[%eval -41,10]} 9. a3 {[%eval -34,10]} Ne5 {[%eval -41,
10]} 10. d4 {[%eval -22,10]} Nc4 {[%eval 0,10]} 11. b3 {[%eval -13,10]} Nd6 {
[%eval -41,10]} 12. Qc2 {[%eval -53,10]} Bf5 {[%eval -84,10]} 13. Qd1 {[%eval
-53,10]} Nfe4 {[%eval -41,10]} 14. Bb2 {[%eval -75,10]} ({Fritz 8:} 14. f3 {
[%eval -41,10]}) 14... Qd7 {[%eval -41,10]} ({Fritz 8:} 14... Re8 15. Nxe4 Nxe4
16. Nc3 Bd6 17. Nxe4 Bxe4 18. Qh5 Qf6 19. h3 Bxg2 {[%eval -75,10]}) 15. Nxe4 {
[%eval -47,10]} Nxe4 {[%eval -69,10]} 16. f3 {[%eval -47,10]} Nd6 {[%eval -41,
10]} 17. g4 {[%eval -81,10]} ({Fritz 8:} 17. Nc3 Bh3 18. Bxh3 Qxh3 19. e4 dxe4
20. fxe4 Rad8 21. e5 {[%eval -41,10]}) 17... Bg6 {[%eval -72,10]} 18. Nf4 {
[%eval -50,10]} f5 {[%eval -25,10]} 19. Nxg6 {[%eval 6,10]} hxg6 {[%eval -25,
10]} 20. Qc2 {[%eval -31,10]} Rae8 {[%eval -28,10]} 21. Rae1 {[%eval -28,10]}
Bg5 {[%eval -59,10]} 22. Bc1 {[%eval -53,10]} Re6 {[%eval -37,10]} 23. Bh3 {
[%eval -31,10]} Qf7 {[%eval -25,10]} 24. Re2 {[%eval -47,10]} Rfe8 {[%eval -28,
10]} 25. f4 {[%eval -44,10]} Bd8 {[%eval -53,10]} 26. g5 {[%eval -106,10]} ({
Fritz 8:} 26. Bd2 Ne4 27. Bb4 a5 28. Be1 Qf6 {[%eval -53,10]}) 26... Bb6 {
[%eval -106,10]} 27. Rd1 {[%eval -100,10]} Qe7 {[%eval -112,10]} 28. a4 {
[%eval -116,10]} Ne4 {[%eval -141,10]} 29. Bg2 {[%eval -131,10]} Kf7 {[%eval
-122,10]} 30. Bxe4 {[%eval -94,10]} Rxe4 {[%eval -122,10]} 31. Kf2 {[%eval
-159,10]} ({Fritz 8:} 31. Rf2 Kg8 32. Bd2 Bc7 33. a5 {[%eval -122,10]}) 31...
Rh8 {[%eval -144,10]} 32. Kg3 {[%eval -209,10]} ({Fritz 8:} 32. Kg1 Kg8 33. Rf2
Rh5 34. Bd2 a5 35. Rg2 Qe6 {[%eval -144,10]}) 32... Bc7 {[%eval -287,10]} 33.
h4 {[%eval -325,10]} Bxf4+ {[%eval -356,10]} 34. exf4 {[%eval -413,10]} Rxe2 {
[%eval -444,10]} 35. Qc3 {[%eval -1525,10]} ({Fritz 8:} 35. Qd3 Qe8 36. Rh1 Re1
37. Rf1 Rxf1 {[%eval -444,10]}) 35... Qe4 {[%eval -437,10]} (35... Rxh4 {
[%eval -1556,10] 36.Tg1  -4.37} 36. Kxh4 {[%eval -1525,10]} Rh2+ {[%eval -1556,
10]} 37. Kg3 {[%eval -1525,10]} Qe2 {[%eval -1556,10]} 38. Qf3 {[%eval -1584,
10]} Rh3+ {[%eval -1616,10]} 39. Kxh3 {[%eval -1584,10]} Qxf3+ {[%eval -1616,
10]}) ({Fritz 8:} 35... Rxh4 36. Kxh4 Rh2+ 37. Kg3 Qe2 38. Qf3 Rh3+ 39. Kxh3
Qxf3+ 40. Kh2 Qxd1 41. Ba3 {[%eval -1525,10]}) 36. Qf3 {[%eval -419,10]} Rxh4 {
[%eval -384,10]} 37. Qxe4 {[%eval -363,10]} Rg4+ {[%eval -394,10]} 38. Kf3 {
[%eval -359,10]} Rxe4 {[%eval -384,10]} 39. Be3 {[%eval -372,10]} Rh4 {[%eval
-403,10]} 40. Kg3 {[%eval -372,10]} Rh8 {[%eval -375,10]} 41. Rd3 {[%eval -388,
10]} Rh1 {[%eval -387,10]} 42. Kg2 {[%eval -384,10]} Re1 {[%eval -391,10]} 43.
Kf2 {[%eval -378,10]} R1xe3 {[%eval -409,10]} 44. Rxe3 {[%eval -381,10]} Rxe3 {
[%eval -303,10]} 45. Kxe3 {[%eval -272,10]} Ke6 {[%eval -234,10]} 46. Kd3 {
[%eval -266,10]} a5 {[%eval -303,10]} 47. Kc3 {[%eval -272,10]} Kd6 {[%eval
-303,10]} 48. b4 {[%eval -272,10]} axb4+ {[%eval -303,10]} 49. Kxb4 {[%eval
-272,10]} b6 {[%eval -303,10]} 50. Kb3 {[%eval -700,10]} ({Fritz 8:} 50. a5
bxa5+ 51. Kxa5 c5 52. Kb5 c4 53. Kb4 Ke7 54. Kc3 Ke6 {[%eval -303,10]}) 50...
c5 {[%eval -731,10]} 51. Kc3 {[%eval -700,10]} Kc6 {[%eval -731,10]} 52. Kd3 {
[%eval -613,10]} Kb7 {[%eval -644,10]} 53. Kc3 {[%eval -909,10]} ({Fritz 8:} 
53. Kc2 cxd4 54. Kd3 Ka6 55. Kxd4 Ka5 56. Kxd5 Kxa4 57. Ke6 b5 58. Kf7 b4 59.
Kxg6 b3 60. Kxf5 b2 {[%eval -644,10]}) 53... Ka6 {[%eval -941,10]} 54. Kc2 {
[%eval -922,10]} Ka5 {[%eval -941,10]} 55. Kb3 {[%eval -1328,10]} ({Fritz 8:} 
55. dxc5 bxc5 56. Kb3 c4+ 57. Kc3 Kxa4 58. Kd4 {[%eval -941,10]}) 55... cxd4 {
[%eval -1359,10]} 56. Kc2 {[%eval -1491,10]} Kb4 {[%eval -1522,10]} 57. Kd3 {
[%eval -1491,10]} Kc5 {[%eval -1522,10]} 0-1

[Event "LLB"]
[Site "?"]
[Date "2007.03.10"]
[Round "9"]
[White "Grundner, Alois"]
[Black "Halilovic"]
[Result "1/2-1/2"]
[WhiteElo "1931"]
[BlackElo "2159"]
[Annotator ",Lois"]
[PlyCount "26"]
[TimeControl "240+2"]

{37MB, TreeB33.ctg, LOIS-LXIC8KMRWW} 1. d4 Nf6 2. c4 d6 3. Nc3 g6 4. e4 Bg7 5.
Be2 O-O 6. Nf3 Nc6 7. O-O h6 8. h3 e5 9. Be3 a6 10. Qd2 Kh7 11. Rad1 exd4 12.
Nxd4 Nxd4 13. Bxd4 b6 {und Halilovic bot Remis} 1/2-1/2